Student Solutions manual to accompany Raymond Chang Chemistry / (Record no. 183388)
[ view plain ]
| 000 -LEADER | |
|---|---|
| fixed length control field | 01663 a2200205 4500 |
| 003 - CONTROL NUMBER IDENTIFIER | |
| control field | Nust |
| 005 - DATE AND TIME OF LATEST TRANSACTION | |
| control field | 20221011130224.0 |
| 010 ## - LIBRARY OF CONGRESS CONTROL NUMBER | |
| LC control number | 85060981 |
| 020 ## - INTERNATIONAL STANDARD BOOK NUMBER | |
| International Standard Book Number | 0070105197 |
| 040 ## - CATALOGING SOURCE | |
| Transcribing agency | Nust |
| 082 00 - DEWEY DECIMAL CLASSIFICATION NUMBER | |
| Classification number | 540,MIL |
| 100 1# - MAIN ENTRY--PERSONAL NAME | |
| Personal name | Mills, Jerry |
| 9 (RLIN) | 99890 |
| 245 10 - TITLE STATEMENT | |
| Title | Student Solutions manual to accompany Raymond Chang Chemistry / |
| Statement of responsibility, etc. | Jerry Mills and Raymond Chang |
| 250 ## - EDITION STATEMENT | |
| Edition statement | 4th ed. |
| 260 ## - PUBLICATION, DISTRIBUTION, ETC. | |
| Place of publication, distribution, etc. | Lexington, Mass. : |
| Name of publisher, distributor, etc. | D.C. Heath, |
| Date of publication, distribution, etc. | c1991. |
| 300 ## - PHYSICAL DESCRIPTION | |
| Extent | xix, 1023, 60, 16 p. : |
| Other physical details | ill. (some col.) ; |
| Dimensions | 27 cm. |
| 505 ## - FORMATTED CONTENTS NOTE | |
| Formatted contents note | chemical foundations(Page-1), Atoms, Molecules and Ions (Page-15), Chemical Reactions I: Chemical Equations and Reactions in Aqueous Solution (Page-38), Chemical Reactions II: Mass Relationships (Page-53), The Gaseous State (Page-79), Thermo chemistry (Page-96), Quantum Theory and The Electronic Structure of Atoms (Page-110), Periodic Relationships Among the Elements (Page-122), Chemical Bounding Basic Concepts (Page-133), Chemical Bounding II: Molecular Geometry and Molecular Orbitals (Page-145), Intermolecular Forces and Liquids and Solids (Page-162), Physical Properties of Solutions (Page-178), Chemical Kinetics (Page-199), Chemical Equilibrium (Page-216), Acids Base Equilibria (Page-247), Solubility Equilibria (Page-271), Entropy Free Energy and Equilibrium (Page-285), Electrochemistry (Page-297), Metallurgy and the Chemistry of Metals (Page-319), Nonmetallic Elements and their Compounds (Page-335), Transition Metal Chemistry and Coordination Compounds (Page-355), Nuclear Chemistry (Page-364), Organic Polymers Synthetic and Natural (Page-386), Industrial Chemistry (Page-390). |
| 650 #0 - SUBJECT ADDED ENTRY--TOPICAL TERM | |
| Topical term or geographic name entry element | Chemistry. |
| 942 ## - ADDED ENTRY ELEMENTS (KOHA) | |
| Source of classification or shelving scheme | |
| Koha item type | Book |
| Withdrawn status | Lost status | Source of classification or shelving scheme | Damaged status | Not for loan | Permanent Location | Current Location | Shelving location | Date acquired | Full call number | Barcode | Date last seen | Price effective from | Koha item type | Public note |
|---|---|---|---|---|---|---|---|---|---|---|---|---|---|---|
| Military College of Signals (MCS) | Military College of Signals (MCS) | General Stacks | 12/12/2016 | 540,MIL | MCS6373 | 12/08/2016 | 12/12/2016 | Book | Almirah No.25, Shelf No.2 |
